| 000 | 00419cam a2200145 i 4500 | ||
|---|---|---|---|
| 020 | _a9781422189894 (alk. paper) | ||
| 040 | _cDLC | ||
| 082 | 0 | 0 | _a658 HAR 2013 A116 Or. |
| 245 | 0 | 0 | _aHBR's 10 must reads on making smart decisions. |
| 246 | 3 | _aHBR's ten must reads on making smart decisions | |
| 300 |
_av, 183 pages ; _c21 cm. |
||
| 490 | 0 | _aHBR's 10 must reads series | |
| 650 | 0 | _aDecision making. | |
| 942 | _cAEDBB | ||
| 999 |
_c17529 _d17529 |
||